| 000 | 02044cam a2200517 i 4500 | ||
|---|---|---|---|
| 001 | 21526157 | ||
| 005 | 20260606114307.0 | ||
| 008 | 200511t20202020ii a b 001 0 eng d | ||
| 010 | _a 2020938403 | ||
| 015 |
_aGBC075811 _2bnb |
||
| 016 | 7 |
_a019819540 _2Uk |
|
| 020 |
_a9353883725 _q(hardcover) |
||
| 020 |
_a9789353883720 _q(hardcover) |
||
| 020 |
_z9789353883737 _q(ePub ebook) |
||
| 035 | _a21526157 | ||
| 035 | _a(OCoLC)1151800947 | ||
| 040 |
_aYDX _beng _cYDX _erda _dBDX _dUKMGB _dOCLCO _dOCLCF _dYDXIT _dYDX _dOCL _dOCLCO _dDKAGE _dOCLCQ _dDLC |
||
| 042 | _alccopycat | ||
| 043 | _aa-ii--- | ||
| 050 | 0 | 0 |
_aHD4293 _b.B485 2020 |
| 082 | 0 | 4 |
_a354.54092 _223 |
| 082 | 0 | 4 |
_a351.954 _223 |
| 100 | 1 |
_aBhattacharjee, Govind, _eauthor. |
|
| 245 | 1 | 0 |
_aPublic sector enterprises in India : _bevolution, privatisation and reforms / _cGovind Bhattacharjee. |
| 264 | 1 |
_aNew Delhi ; _aThousand Oaks, California : _bSAGE Publications Ltd, _c2020. |
|
| 264 | 4 | _c©2020 | |
| 300 |
_axvi, 407 pages : _billustrations (black and white) ; _c22 cm |
||
| 336 |
_atext _btxt _2rdacontent |
||
| 336 |
_astill image _bsti _2rdacontent |
||
| 337 |
_aunmediated _bn _2rdamedia |
||
| 338 |
_avolume _bnc _2rdacarrier |
||
| 504 | _aIncludes bibliographical references (pages 388-397) and index. | ||
| 650 | 0 |
_aGovernment business enterprises _zIndia. |
|
| 650 | 0 |
_aPublic administration _zIndia. |
|
| 650 | 0 |
_aPrivatization _zIndia. |
|
| 650 | 7 |
_aGovernment business enterprises. _2fast _0(OCoLC)fst00945198 |
|
| 650 | 7 |
_aPrivatization. _2fast _0(OCoLC)fst01077649 |
|
| 650 | 7 |
_aPublic administration. _2fast _0(OCoLC)fst01081976 |
|
| 651 | 7 |
_aIndia. _2fast _0(OCoLC)fst01210276 |
|
| 776 | 0 | 8 |
_iEbook version : _z9789353883737 |
| 856 |
_uhttps://sk.sagepub.com/books/the-state-of-indian-agriculture _yRead SAGE E-Book |
||
| 906 |
_a7 _bcbc _ccopycat _d2 _encip _f20 _gy-gencatlg |
||
| 942 |
_2ddc _cBK |
||
| 999 |
_c44729 _d44729 |
||